One Piece - Name a Valid Straw Hat #1 - Statistics

General Stats
  • This quiz has been taken 943 times
  • The average score is 15 of 15
Answer Stats
Name a Straw Hat... # Answer % Correct
...who has a bounty of more than 1.000.000.000 Beli 4 Monkey D. Luffy | Roronoa Zoro | Vinsmoke Sanji | Jinbe
100%
...who possesses the ability of a Devil Fruit 4 Monkey D. Luffy | Tony Tony Chopper | Nico Robin | Brook
100%
...who originates from the East Blue 4 Monkey D. Luffy | Roronoa Zoro | Nami | Usopp
99%
...who primarily uses a weapon in combat 4 Roronoa Zoro | Nami | Usopp | Brook
99%
...who joined the crew after they entered the Grand Line 5 Tony Tony Chopper | Nico Robin | Franky | Brook | Jinbe
99%
...who has siblings 3 Monkey D. Luffy | Nami | Vinsmoke Sanji
97%
...who is part of the Worst Generation 2 Monkey D. Luffy | Roronoa Zoro
97%
...who has black hair 5 Monkey D. Luffy | Usopp | Nico Robin | Brook | Jinbe
97%
...who is female 2 Nami | Nico Robin
97%
...who has no known last name 5 Nami | Usopp | Franky | Brook | Jinbe
97%
...who originates from the West Blue 2 Nico Robin | Brook
97%
...who is not human 3 Tony Tony Chopper | Brook | Jinbe
97%
...who was on Whole Cake Island during the Whole Cake Island Arc 6 Monkey D. Luffy | Nami | Vinsmoke Sanji | Tony Tony Chopper | Brook | Jinbe
96%
...who has visible scars 4 Monkey D. Luffy | Roronoa Zoro | Franky | Jinbe
96%
...who fought against Kalifa on Enies Lobby 2 Nami | Vinsmoke Sanji
95%
No matching quizzes found
Score Distribution
Percent of People with Each Score
Percentile by Number Answered
Your Score History
You have not taken this quiz